000 00736cam a22002293a 4500
001 29268
003 PGUSA
005 20140828083631.0
008 090628s2009||||xxu|||||s|||||000 | eng d
040 _aPGUSA
_beng
042 _adc
050 4 _aBR
100 1 _aAllies, T. W.
_q(Thomas William),
_d1813-1903
245 1 4 _aThe Holy See and the Wandering of the Nations, from St. Leo I to St. Gregory I
_h[electronic resource] /
_cT. W. Allies
260 _bProject Gutenberg,
_c2009
506 _aPublic domain in the USA.
516 _aElectronic text
653 _aChurch history -- Primitive and early church, ca. 30-600
830 0 _aProject Gutenberg
_v29268
856 4 0 _uhttp://www.gutenberg.org/ebooks/29268
942 _cEB
999 _c258523
_d258523